Diseño digital / (Registro nro. 10456)
[ vista simple ]
| 000 -CABECERA | |
|---|---|
| campo de control de longitud fija | 00705nam a2200205 a 4500 |
| 001 - NÚMERO DE CONTROL | |
| campo de control | 000010701 |
| 005 - FECHA Y HORA DE LA ÚLTIMA TRANSACCIÓN | |
| campo de control | 20200929162257.0 |
| 008 - DATOS DE LONGITUD FIJA--INFORMACIÓN GENERAL | |
| campo de control de longitud fija | 091009s1987 mx d 001 0 spa d |
| 020 ## - NÚMERO INTERNACIONAL ESTÁNDAR DEL LIBRO | |
| Número Internacional Estándar del Libro | 9688801062 |
| 040 ## - FUENTE DE LA CATALOGACIÓN | |
| Centro catalogador/agencia de origen | DO-SdBNP |
| 082 ## - NÚMERO DE LA CLASIFICACIÓN DECIMAL DEWEY | |
| Número de clasificación | 621.38173 |
| Número de documento/Ítem | M875d |
| 049 ## - FONDOS LOCALES (OCLC) | |
| Fondos de biblioteca | BNPD |
| 100 1# - ENTRADA PRINCIPAL--NOMBRE DE PERSONA | |
| Nombre de persona | Morris Mano, M. |
| 9 (RLIN) | 25908 |
| 245 10 - MENCIÓN DE TÍTULO | |
| Título | Diseño digital / |
| Mención de responsabilidad, etc. | M. Morris Mano ; editor José de Jesús Muñoz Zazueta ; traducción José C. Pecina Hernández. |
| 260 ## - PUBLICACIÓN, DISTRIBUCIÓN, ETC. | |
| Lugar de publicación, distribución, etc. | México : |
| Nombre del editor, distribuidor, etc. | Prentice-Hall Hispanoamericana, |
| Fecha de publicación, distribución, etc. | 1987. |
| 300 ## - DESCRIPCIÓN FÍSICA | |
| Extensión | ix, 491 p. : |
| Otras características físicas | diagr. ; |
| Dimensiones | 23 cm. |
| 650 #4 - PUNTO DE ACCESO ADICIONAL DE MATERIA--TÉRMINO DE MATERIA | |
| Término de materia o nombre geográfico como elemento de entrada | Física aplicada |
| 9 (RLIN) | 25909 |
| 700 1# - PUNTO DE ACCESO ADICIONAL--NOMBRE DE PERSONA | |
| Nombre de persona | Muñoz Zazueta, Jesús Muñoz, |
| Término indicativo de función/relación | ed. |
| 9 (RLIN) | 25910 |
| 700 1# - PUNTO DE ACCESO ADICIONAL--NOMBRE DE PERSONA | |
| Nombre de persona | Pecina Hernández, José C., |
| Término indicativo de función/relación | tr. |
| 9 (RLIN) | 25911 |
| Estado de retiro | Estado de pérdida | Restricciones de uso | No para préstamo | Código de colección | Localización permanente | Ubicación/localización actual | Ubicación en estantería | Fecha de adquisición | Número de inventario | Total de préstamos | Signatura topográfica completa | Código de barras | Fecha visto por última vez | Precio válido a partir de | Tipo de ítem Koha |
|---|---|---|---|---|---|---|---|---|---|---|---|---|---|---|---|
| Excluido de préstamo | Monografías: Libros y Folletos | Patrimonio Dominicano | Patrimonio Dominicano | En catalogación | 09.10.2009 | LF1 | 621.38173 M875d | 10701-10 | 25.06.2020 | 25.06.2020 | No se presta |
